Introduction to modern information retrieval

Αποθηκεύτηκε σε:
Λεπτομέρειες βιβλιογραφικής εγγραφής
Κύριος συγγραφέας: Salton, Gerard
Άλλοι συγγραφείς: McGill, Michael J.
Μορφή: Βιβλίο
Γλώσσα:English
Δημοσίευση: New York : McGraw-Hill, c1983
Σειρά:McGraw-Hill computer science series
Θέματα:
Ετικέτες: Προσθήκη ετικέτας
Δεν υπάρχουν, Καταχωρήστε ετικέτα πρώτοι!

MARC

LEADER 00000cam a2200000 i 4500
001 1/59568
008 940704s1983 eng d
020 |a 0070544840  |c $29.95 (est.) 
035 |l 10028562 
040 |a GR-MY-UA  |b gre  |e aacr 
041 0 |a eng 
082 0 |a 025.04  |2 (19) 
100 1 |a Salton, Gerard. 
245 1 0 |a Introduction to modern information retrieval /  |c Gerard Salton, Michael J. McGill 
260 |a New York :   |b McGraw-Hill,   |c c1983 
300 |a xv, 448 p.;  |b ill.;  |c 25 cm 
490 1 |a McGraw-Hill computer science series 
504 |a Includes bibliographical references and indexes 
650 0 0 |a Information storage and retrieval systems. 
700 1 |a McGill, Michael J. 
830 0 |a McGraw-Hill computer science series 
852 |a INST  |b CHIOS  |e 19940704  |h 025.04 SAL  |p 005200006738  |q 005200006738  |t BK  |y 0 
909 |a Χ  |b 005466